<?xml version="1.0" encoding="UTF-8"?><?xml-stylesheet type="text/xsl" href="static/style.xsl"?><OAI-PMH xmlns="http://www.openarchives.org/OAI/2.0/" xmlns:xsi="http://www.w3.org/2001/XMLSchema-instance" xsi:schemaLocation="http://www.openarchives.org/OAI/2.0/ http://www.openarchives.org/OAI/2.0/OAI-PMH.xsd"><responseDate>2026-04-17T15:48:58Z</responseDate><request verb="GetRecord" identifier="oai:www.recercat.cat:2072/465271" metadataPrefix="marc">https://recercat.cat/oai/request</request><GetRecord><record><header><identifier>oai:recercat.cat:2072/465271</identifier><datestamp>2025-07-29T21:16:01Z</datestamp><setSpec>com_2072_98</setSpec><setSpec>col_2072_378192</setSpec></header><metadata><record xmlns="http://www.loc.gov/MARC21/slim" xmlns:dcterms="http://purl.org/dc/terms/" xmlns:xsi="http://www.w3.org/2001/XMLSchema-instance" xmlns:doc="http://www.lyncode.com/xoai" xsi:schemaLocation="http://www.loc.gov/MARC21/slim http://www.loc.gov/standards/marcxml/schema/MARC21slim.xsd">
   <leader>00925njm 22002777a 4500</leader>
   <datafield ind2=" " ind1=" " tag="042">
      <subfield code="a">dc</subfield>
   </datafield>
   <datafield ind2=" " ind1=" " tag="720">
      <subfield code="a">Zaragoza Gómez, Verónica</subfield>
      <subfield code="e">author</subfield>
   </datafield>
   <datafield ind2=" " ind1=" " tag="260">
      <subfield code="c">2022</subfield>
   </datafield>
   <datafield ind2=" " ind1=" " tag="520">
      <subfield code="a">Este trabajo se enmarca en el proyecto PID2019-106471GB-I00 de BIESES. Agradecemos a Mercè Gras la noticia de este poemario y sus sabias conversaciones, y a la comunidad de Vic, la amabilidad y cordialidad con las que siempre nos han acogido.</subfield>
   </datafield>
   <datafield ind2=" " ind1=" " tag="520">
      <subfield code="a">El propósito de este trabajo es estudiar una obra teatral del cancionero poético colectivo de las carmelitas descalzas de Santa Teresa de Vic. Además de indicar las vinculaciones del texto con el subgénero teatral de las fiestas, escritas para ser representadas en los conventos de monjas durante las celebraciones navideñas, se analizan los rasgos de asunción de la tradición poética y dramática carmelitana (hibridación formal, genérica y temática). Finalmente, se apuntan algunas líneas de atribución y datación de la obra a partir de la relación del manuscrito con el núcleo de religiosas fundadoras de la comunidad de Vic (1638), procedentes de Santa Teresa de Zaragoza.</subfield>
   </datafield>
   <datafield ind2=" " ind1=" " tag="520">
      <subfield code="a">The purpose of this paper is to present a theatrical fiesta collected in the collective cancionero of the convent of Santa Teresa de Vic (Catalonia). This work delves into the framework of the traditional Christmas celebrations in a convent of Discalced Carmelites nuns and the assumption of the poetic and dramatic tradition of the order as reflected. On the other hand, the paper explores the relationship between the manuscript of Discalced Carmelites nuns of Vic and the nucleus of nuns from the convent of Santa Teresa from Zaragoza who materialized the Catalan foundation in 1638.</subfield>
   </datafield>
   <datafield tag="653" ind2=" " ind1=" ">
      <subfield code="a">Teatro conventual</subfield>
   </datafield>
   <datafield tag="653" ind2=" " ind1=" ">
      <subfield code="a">Cancionero poético</subfield>
   </datafield>
   <datafield tag="653" ind2=" " ind1=" ">
      <subfield code="a">Carmelitas descalza</subfield>
   </datafield>
   <datafield tag="653" ind2=" " ind1=" ">
      <subfield code="a">Ana de la Madre de Dios de Casanate</subfield>
   </datafield>
   <datafield tag="653" ind2=" " ind1=" ">
      <subfield code="a">Conventual theater</subfield>
   </datafield>
   <datafield tag="653" ind2=" " ind1=" ">
      <subfield code="a">Cancionero poetry</subfield>
   </datafield>
   <datafield tag="653" ind2=" " ind1=" ">
      <subfield code="a">Discalced carmelite nuns</subfield>
   </datafield>
   <datafield ind2="0" ind1="0" tag="245">
      <subfield code="a">Creatividad y performatividad en el Carmelo Descalzo femenino : deslindes en torno a una fiesta teatral inédita (c. 1638)</subfield>
   </datafield>
</record></metadata></record></GetRecord></OAI-PMH>